LEADER 01071nam a2200325 i 4500 001 991000822169707536 005 20020507174026.0 008 931105s1987 us ||| | eng 020 $a0306109956 035 $ab10761962-39ule_inst 035 $aLE01302832$9ExL 040 $aDip.to Matematica$beng 082 0 $a516.36 084 $aAMS 55N 084 $aAMS 55R 084 $aAMS 57R 084 $aLC QA641.F65 100 1 $aFomenko, A. T.$052478 245 10$aDifferential geometry and topology /$cA. T. Fomenko ; transl. D. A. Lettes 260 $aNew York :$bConsultants bureau,$c1987 300 $axiii, 323 p. ;$c23 cm 490 0 $aContemporary soviet mathematics 650 0$aTopology 700 1 $aLettes, D. A. 907 $a.b10761962$b23-02-17$c28-06-02 912 $a991000822169707536 945 $aLE013 55R FOM11 (1987)$g1$i2013000071213$lle013$o-$pE0.00$q-$rl$s- $t0$u0$v0$w0$x0$y.i10857291$z28-06-02 996 $aDifferential geometry and topology$9923290 997 $aUNISALENTO 998 $ale013$b01-01-93$cm$da $e-$feng$gus $h0$i1